000 00336nam a2200133Ia 4500
008 220216s9999 xx 000 0 und d
100 _aDey S K
245 0 _aNorth eastern research complex
260 _bIndian Rubber Journal
_c2005
300 _a64-65
650 _aNorth eastern region
650 _aRubber cultivation
942 _cJS
999 _c64032
_d64032